<?xml version="1.0" encoding="UTF-8"?>
<record
    xmlns:xsi="http://www.w3.org/2001/XMLSchema-instance"
    xsi:schemaLocation="http://www.loc.gov/MARC21/slim http://www.loc.gov/standards/marcxml/schema/MARC21slim.xsd"
    xmlns="http://www.loc.gov/MARC21/slim">

  <leader>00921nac a22001811u 4500</leader>
  <controlfield tag="008">101223s1989    xxu||||| |||| 00| 0 ara d</controlfield>
  <datafield tag="082" ind1=" " ind2=" ">
    <subfield code="a">623.865</subfield>
    <subfield code="b">&#x645; &#x644; &#x637;</subfield>
  </datafield>
  <datafield tag="100" ind1="1" ind2=" ">
    <subfield code="a">&#x627;&#x644;&#x645;&#x644;&#x637; &#x60C; &#x645;&#x62D;&#x645;&#x648;&#x62F; &#x631;&#x628;&#x64A;&#x639;</subfield>
    <subfield code="9">21648</subfield>
  </datafield>
  <datafield tag="110" ind1=" " ind2=" ">
    <subfield code="a">Al Akademeya Al Arabeya Lel Nakl Al Baharey</subfield>
    <subfield code="9">21655</subfield>
  </datafield>
  <datafield tag="245" ind1=" " ind2=" ">
    <subfield code="a">&#x642;&#x648;&#x627;&#x639;&#x62F; &#x627;&#x644;&#x627;&#x645;&#x627;&#x646; &#x627;&#x644;&#x635;&#x646;&#x627;&#x639;&#x64A; &#x639;&#x644;&#x649; &#x627;&#x644;&#x633;&#x641;&#x646; /</subfield>
    <subfield code="c">&#x645;&#x62D;&#x645;&#x648;&#x62F; &#x631;&#x628;&#x64A;&#x639; &#x627;&#x644;&#x645;&#x644;&#x637;</subfield>
  </datafield>
  <datafield tag="260" ind1=" " ind2=" ">
    <subfield code="a">[&#x627;&#x644;&#x642;&#x627;&#x647;&#x631;&#x629;] :</subfield>
    <subfield code="b">&#x627;&#x644;&#x623;&#x643;&#x627;&#x62F;&#x64A;&#x645;&#x64A;&#x629; &#x627;&#x644;&#x639;&#x631;&#x628;&#x64A;&#x629; &#x644;&#x644;&#x646;&#x642;&#x644; &#x627;&#x644;&#x628;&#x62D;&#x631;&#x649; &#x60C; 1989</subfield>
    <subfield code="c">1989.</subfield>
  </datafield>
  <datafield tag="300" ind1=" " ind2=" ">
    <subfield code="a">262 &#x635; :</subfield>
    <subfield code="b">&#x627;&#x64A;&#x636; &#x61B;</subfield>
    <subfield code="c">24 &#x633;&#x645;.</subfield>
  </datafield>
  <datafield tag="650" ind1=" " ind2=" ">
    <subfield code="a">&#x627;&#x644;&#x633;&#x641;&#x646;</subfield>
    <subfield code="9">21654</subfield>
    <subfield code="x">&#x623;&#x62C;&#x647;&#x632;&#x629; &#x648;&#x645;&#x639;&#x62F;&#x627;&#x62A;</subfield>
  </datafield>
  <datafield tag="650" ind1=" " ind2=" ">
    <subfield code="a">&#x627;&#x644;&#x633;&#x641;&#x646;</subfield>
    <subfield code="9">21653</subfield>
    <subfield code="x">&#x623;&#x62C;&#x647;&#x632;&#x629; &#x627;&#x644;&#x622;&#x645;&#x627;&#x646;</subfield>
  </datafield>
  <datafield tag="650" ind1=" " ind2=" ">
    <subfield code="a">&#x627;&#x644;&#x623;&#x645;&#x646; &#x627;&#x644;&#x635;&#x646;&#x627;&#x639;&#x649;</subfield>
    <subfield code="9">21652</subfield>
  </datafield>
  <datafield tag="942" ind1=" " ind2=" ">
    <subfield code="c">BB</subfield>
    <subfield code="k">623.865 &#x645; &#x644; &#x637;</subfield>
    <subfield code="2">ddc</subfield>
  </datafield>
  <datafield tag="999" ind1=" " ind2=" ">
    <subfield code="c">6453</subfield>
    <subfield code="d">6453</subfield>
  </datafield>
  <datafield tag="952" ind1=" " ind2=" ">
    <subfield code="0">0</subfield>
    <subfield code="1">0</subfield>
    <subfield code="2">ddc</subfield>
    <subfield code="4">0</subfield>
    <subfield code="7">0</subfield>
    <subfield code="8">Alef-Baa</subfield>
    <subfield code="a">MAIN</subfield>
    <subfield code="b">MAIN</subfield>
    <subfield code="c">1ST</subfield>
    <subfield code="d">2011-01-13</subfield>
    <subfield code="e">purchase</subfield>
    <subfield code="o">623.865 &#x645; &#x644; &#x637;</subfield>
    <subfield code="p">000007933</subfield>
    <subfield code="r">2025-07-15 00:00:00</subfield>
    <subfield code="y">BB</subfield>
  </datafield>
</record>
